[Event "Montigny le Bretonneux op 21st"]
[Site "Montigny le Bretonneux"]
[Date "2021.12.28"]
[Round "3"]
[White "Rosu, Matei"]
[Black "Couradin, Bruno"]
[Result "1/2-1/2"]
[WhiteElo "1191"]
[BlackElo "1454"]
[PlyCount "141"]
[EventDate "2021.12.26"]
[EventType "swiss"]
[EventRounds "9"]
[EventCountry "FRA"]
[SourceTitle "EXT 2023"]
[Source "ChessBase"]
[SourceDate "2022.10.05"]
[SourceVersion "1"]
[SourceVersionDate "2022.10.05"]
[SourceQuality "1"]

1. e4 e5 2. Nf3 Nc6 3. Bc4 h6 4. 0-0 Nf6 5. Nc3 Bc5 6. d3 0-0 7. Be3 Bb6 8. Na4 d6 9. Nxb6 axb6 10. h3 Be6 11. Bxe6 fxe6 12. d4 Nxe4 13. dxe5 dxe5 14. Re1 Nf6 15. Bd2 e4 16. Nh2 Qd6 17. Qc1 Rad8 18. Bf4 Qd7 19. Rd1 Qe7 20. Bd2 Rd7 21. Bc3 Rfd8 22. Rxd7 Rxd7 23. Bxf6 Qxf6 24. Ng4 Qf5 25. Qe3 h5 26. Nh2 Nb4 27. Qc3 Nd5 28. Qa3 Rf7 29. Rf1 Qg5 30. Qa8+ Rf8 31. Qxb7 e3 32. fxe3 Qxe3+ 33. Kh1 Rxf1+ 34. Nxf1 Qe2 35. Qc8+ Kf7 36. Qd7+ Kf8 37. Qd8+ Kf7 38. Qd7+ Kf6 39. Qd8+ Kf7 40. Qd7+ Kg8 41. Ng3 Qe5 42. Qc6 Kf7 43. Qd7+ Ne7 44. Qd3 h4 45. Qf3+ Kg8 46. Qa8+ Kh7 47. Qe4+ Qxe4 48. Nxe4 Kg6 49. b4 Kf5 50. Nd2 Nd5 51. a3 e5 52. c4 Nc3 53. Kg1 e4 54. Kf2 Kf4 55. Nf1 g5 56. b5 Nb1 57. Ne3 Ke5 58. Nd5 Nxa3 59. Nxc7 Nxc4 60. Na8 Kd5 61. Nc7+ Kc5 62. Ne6+ Kxb5 63. Nxg5 Nd6 64. g3 hxg3+ 65. Kxg3 Kc5 66. h4 b5 67. h5 b4 68. Kf4 b3 69. h6 b2 70. h7 b1Q 71. h8Q 1/2-1/2

[Event "Montigny le Bretonneux op 21st"]
[Site "Montigny le Bretonneux"]
[Date "2021.12.27"]
[Round "2"]
[White "Couradin, Bruno"]
[Black "Rosu, Andrei"]
[Result "0-1"]
[WhiteElo "1454"]
[BlackElo "1241"]
[PlyCount "144"]
[EventDate "2021.12.26"]
[EventType "swiss"]
[EventRounds "9"]
[EventCountry "FRA"]
[SourceTitle "EXT 2023"]
[Source "ChessBase"]
[SourceDate "2022.10.05"]
[SourceVersion "1"]
[SourceVersionDate "2022.10.05"]
[SourceQuality "1"]

1. e4 e5 2. Nf3 Nc6 3. Bc4 Bc5 4. d3 Nf6 5. Nc3 d6 6. h3 Be6 7. Bxe6 fxe6 8. 0-0 h6 9. a3 g5 10. Be3 Bb6 11. Nh2 Rg8 12. Ng4 Nxg4 13. Qxg4 Qf6 14. Qh5+ Qg6 15. Qxg6+ Rxg6 16. Rad1 0-0-0 17. Bxb6 axb6 18. Rfe1 Nd4 19. Rd2 h5 20. Ne2 Nxe2+ 21. Rexe2 Rf8 22. c3 Rgf6 23. d4 exd4 24. cxd4 Rf4 25. g3 Rf3 26. Rc2 Rd3 27. Red2 Rff3 28. d5 exd5 29. exd5 Kd7 30. Kg2 h4 31. gxh4 gxh4 32. Rxd3 Rxd3 33. Rc4 Rxd5 34. Rxh4 c5 35. b4 Rg5+ 36. Kf3 d5 37. Kf4 Rg7 38. Ke5 d4 39. Kd5 Rg5+ 40. Kc4 b5+ 41. Kxb5 d3 42. bxc5 Rd5 43. Kc4 d2 44. Kxd5 d1Q+ 45. Rd4 Qf3+ 46. Kc4+ Kc7 47. Rd3 Qxf2 48. a4 Qc2+ 49. Kd4 Qxa4+ 50. Kd5 Qd7+ 51. Kc4 Qe6+ 52. Kc3 Qe5+ 53. Kc4 Qe4+ 54. Kc3 Kc6 55. Rd4 Qe1+ 56. Kc4 Qf1+ 57. Rd3 Qf4+ 58. Rd4 Qf5 59. Rd6+ Kc7 60. Rd3 Qh5 61. Re3 Qd1 62. Rd3 Qe2 63. Kd4 Kc6 64. Rc3 Qf2+ 65. Ke4 Qh4+ 66. Kf5 Qd4 67. Rc1 Qh4 68. Rc3 Kd5 69. Kg6 Kd4 70. Rb3 Qe4+ 71. Kg5 Qd5+ 72. Kg4 Qxb3 0-1

[Event "Montigny le Bretonneux op 21st"]
[Site "Montigny le Bretonneux"]
[Date "2017.05.28"]
[Round "7"]
[White "Talvard, Gerard"]
[Black "Couradin, Bruno"]
[Result "1-0"]
[WhiteElo "2002"]
[BlackElo "1550"]
[PlyCount "31"]
[EventDate "2017.05.25"]
[EventType "swiss"]
[EventRounds "9"]
[EventCountry "FRA"]
[SourceTitle "EXT 2020"]
[Source "ChessBase"]
[SourceDate "2019.10.17"]
[SourceVersion "1"]
[SourceVersionDate "2019.10.17"]
[SourceQuality "1"]

1. d4 e6 2. Nf3 Nf6 3. g3 c5 4. Bg2 cxd4 5. Nxd4 Bc5 6. Nb3 Be7 7. c4 d5 8. cxd5 Nxd5 9. 0-0 0-0 10. Na3 Nc6 11. Nc4 b5 12. Ne3 Bb7 13. Nxd5 exd5 14. Bxd5 Qc7 15. Bf4 Bd6 16. Bxd6 1-0

[Event "Montigny le Bretonneux Noel op 14th"]
[Site "Montigny le Bretonneux"]
[Date "2011.12.27"]
[Round "3.10"]
[White "Couradin, Bruno"]
[Black "Lehman, Michel"]
[Result "1-0"]
[WhiteElo "1760"]
[BlackElo "1499"]
[PlyCount "63"]
[EventDate "2011.12.26"]
[EventType "swiss"]
[EventRounds "7"]
[EventCountry "FRA"]
[SourceTitle "EXT 2014"]
[Source "ChessBase"]
[SourceDate "2013.11.20"]
[SourceVersion "1"]
[SourceVersionDate "2013.11.20"]
[SourceQuality "1"]

1. e4 e5 2. Nf3 Nc6 3. d4 Nxd4 4. Nxe5 d6 5. Nxf7 Kxf7 6. Qxd4 Be6 7. Bc4 Qf6 8. Bxe6+ Qxe6 9. 0-0 Nf6 10. Nc3 c5 11. Qd1 a6 12. Bg5 Be7 13. Bxf6 Bxf6 14. Qf3 Rhf8 15. Nd5 Rac8 16. c3 Kg8 17. Qd3 Rf7 18. Rad1 Rcf8 19. g3 Bd8 20. Nf4 Qxa2 21. Qxd6 Qxb2 22. Qd5 Be7 23. Ne6 Rc8 24. Rb1 Qxc3 25. Rxb7 Qf6 26. e5 Qf5 27. f4 c4 28. Nd4 Qd3 29. Rxe7 Rcf8 30. Rxf7 Rxf7 31. e6 Re7 32. Qd8+ 1-0

[Event "Montigny le Bretonneux op 7th"]
[Site "Montigny le Bretonneux"]
[Date "2003.05.04"]
[Round "8.16"]
[White "Wuthrich, Guillaume"]
[Black "Couradin, Bruno"]
[Result "0-1"]
[WhiteElo "1599"]
[BlackElo "1660"]
[PlyCount "99"]
[EventDate "2003.05.??"]
[EventType "swiss"]
[EventRounds "9"]
[EventCountry "FRA"]
[SourceTitle "EXT 2004"]
[Source "ChessBase"]
[SourceDate "2003.11.25"]
[SourceVersion "1"]
[SourceVersionDate "2003.11.25"]
[SourceQuality "1"]

1. e4 c5 2. Nf3 Nc6 3. d4 cxd4 4. Nxd4 g6 5. c4 Bg7 6. Be3 Nf6 7. f3 0-0 8. Be2 d6 9. 0-0 Nxd4 10. Bxd4 e5 11. Bf2 Be6 12. Nc3 Nh5 13. Re1 f5 14. Qb3 b6 15. Rad1 Rc8 16. Qb4 Rc6 17. Rd2 Nf4 18. Bf1 Bf6 19. Red1 Be7 20. Qa4 Qc7 21. Nb5 Qb7 22. Nxd6 Bxd6 23. Rxd6 Rfc8 24. Rxc6 Rxc6 25. Qb4 Qc7 26. b3 Bf7 27. exf5 gxf5 28. Qe1 Rg6 29. Bg3 Re6 30. Bxf4 exf4 31. Qd2 Re3 32. Qd8+ Qxd8 33. Rxd8+ Re8 34. Rd7 Ra8 35. Bd3 Be6 36. Re7 Rd8 37. Rxe6 Rxd3 38. Re2 Rd7 39. Kf2 Kf7 40. Ke1 Rd3 41. Rd2 Rxd2 42. Kxd2 Ke6 43. Kd3 h6 44. b4 a6 45. a4 h5 46. g3 fxg3 47. hxg3 f4 48. c5 bxc5 49. bxc5 fxg3 50. c6 0-1